[Event "GER-chT U20 Girls"]
[Site "Pori"]
[Date "2004.12.29"]
[Round "5.3"]
[White "Trunk, Cordula"]
[Black "Wolff, Christina"]
[Result "1-0"]
[WhiteElo "1055"]
[BlackElo "1068"]
[PlyCount "57"]
[EventDate "2004.12.27"]
[EventType "team"]
[EventRounds "7"]
[EventCountry "GER"]
[SourceTitle "EXT 2006"]
[Source "ChessBase"]
[SourceDate "2005.11.24"]
[SourceVersion "1"]
[SourceVersionDate "2005.11.24"]
[SourceQuality "1"]

1. e4 e5 2. Nf3 Nc6 3. Nc3 Bc5 4. Bb5 d6 5. d3 a6 6. Bxc6+ bxc6 7. Be3 Ba7 8. d4 exd4 9. Nxd4 Ne7 10. 0-0 0-0 11. Qf3 Be6 12. Rad1 Qd7 13. h3 Bc4 14. Rfe1 Ng6 15. b3 Be6 16. Qe2 c5 17. Nxe6 Qxe6 18. Qxa6 Bb6 19. Qd3 Ba5 20. a4 Bxc3 21. Qxc3 Rab8 22. f3 Rfe8 23. Qd3 Ne5 24. Qd5 Qxd5 25. Rxd5 Rb4 26. Bd2 Rd4 27. Bc3 Rxd5 28. exd5 f6 29. f4 1-0

[Event "GER-chT U20 Girls"]
[Site "Pori"]
[Date "2004.12.27"]
[Round "1.3"]
[White "Trunk, Cordula"]
[Black "Krause Molle, Zarella Eva"]
[Result "0-1"]
[WhiteElo "1055"]
[BlackElo "1454"]
[PlyCount "100"]
[EventDate "2004.12.27"]
[EventType "team"]
[EventRounds "7"]
[EventCountry "GER"]
[SourceTitle "EXT 2006"]
[Source "ChessBase"]
[SourceDate "2005.11.24"]
[SourceVersion "1"]
[SourceVersionDate "2005.11.24"]
[SourceQuality "1"]

1. e4 e5 2. Nf3 Nc6 3. Nc3 Nf6 4. Bb5 d6 5. d4 exd4 6. Nxd4 Bd7 7. Bxc6 bxc6 8. 0-0 Be7 9. Re1 0-0 10. h3 Re8 11. f4 c5 12. Nf5 Bxf5 13. exf5 Qd7 14. Nd5 Nxd5 15. Qxd5 Bf6 16. Be3 Qb5 17. b3 Bxa1 18. Rxa1 Qe2 19. Bd2 Qe4 20. Qxe4 Rxe4 21. Re1 Rxe1+ 22. Bxe1 Re8 23. Kf2 Re4 24. Bd2 Kf8 25. Kf3 Rd4 26. Ke3 d5 27. Ba5 c6 28. Bd2 f6 29. g3 Ke7 30. g4 Kd6 31. h4 Re4+ 32. Kf3 c4 33. Bb4+ c5 34. Bc3 cxb3 35. axb3 Re8 36. g5 d4 37. Bd2 fxg5 38. hxg5 Kd5 39. b4 Rf8 40. Kg4 cxb4 41. Bxb4 Rf7 42. Bd2 Ke4 43. g6 hxg6 44. fxg6 Rf6 45. Kg5 Rc6 46. c3 dxc3 47. Bxc3 Rxc3 48. f5 Rc5 49. Kg4 Rxf5 50. Kg3 a5 0-1